El Patronat Obrer de la Mare de Deu de Montserrat : projecte de Cuyna Económica projecte de Cuyna Económica
Descripción Física:
[2] p. ; 20 cm
MARC
| LEADER | 00000nam a2200000Ia 4500 | ||
|---|---|---|---|
| 001 | 20886 | ||
| 008 | 160829s1907 xx 000 0 cat d | ||
| 080 | |a RF-9-21 | ||
| 100 | |a Patronat Obrer de la Mare de Deu de Montserrat |9 47297 | ||
| 245 | |a El Patronat Obrer de la Mare de Deu de Montserrat : |b projecte de Cuyna Económica | ||
| 260 | |a Manresa : |b el Patronat, |c 1907 | ||
| 300 | |a [2] p. ; |c 20 cm | ||
| 590 | |a Carta del bisbe de Vich i respost del president de la Junta del Patronat, Marián Batlles. | ||
| 590 | |a Prové de 2559, exp. 1 | ||
| 650 | |a Economia domèstica |9 47298 | ||
| 650 | |a Classe treballadora |9 47299 | ||
| 856 | 4 | |u https://media.diba.cat/diba/fitxers/arxiu/fulletons/bib_20886_1907_baixa.pdf |y Accés lliure | |
| 856 | 4 | |u https://media.diba.cat/diba/fitxers/arxiu/fulletons/bib_20886_1907_baixa.pdf |y Accés lliure | |
| 901 | |a Arxiu | ||
| 942 | |n 1 |2 udc | ||
| 952 | |0 0 |1 0 |4 0 |6 RF921 |7 1 |9 53803 |a Arxiu |b Arxiu |d 2016-12-01 |l 0 |o RF-9-21 |p 20886 |r 2016-12-01 00:00:00 |w 2016-12-01 |y ARXIU | ||
| 999 | |c 57669 |d 57669 | ||
| 900 | |a bib_20886_1907_baixa.pdf | ||